000 00769nam a2200193 a 4500
001 000245244
003 AM-YeHGA
005 20250618071636.0
008 030710s1958 ai 000 | arm d
040 _aAM-YeHGA
100 1 _aԲաքո, Ուսուվե
245 1 0 _aՍրինգ :
_b[Բանաստեղծություններ] /
_cՈւ. Բաքո; Թարգմ.՝ Վ. Կարենց; Խմբ.՝ Ս. Ումառյան; Նկ.՝ Ռ. Սարգսյան.
260 _aԵրևան :
_bՀայպետհրատ,
_c1958.
300 _a63 էջ ;
_c16 սմ.
650 1 4 _aՔրդական գրականություն
_xՊոեզիա
700 1 _aՈւմառյան, Սերգեյ Հովհաննեսի,
_d1920-1995
_eխմբ.
_4edt
_92472
700 1 _aՍարգսյան, Ռ.
_eնկ.
_eart
090 _c88677
999 _c87392
_d87392